| 000 | 00375cam a2200145ua 4500 | ||
|---|---|---|---|
| 020 | _cRs.1 | ||
| 082 |
_a894.81209 _bNAR/TH |
||
| 100 | _aNarayan Pillai, . | ||
| 245 |
_aTunchathezhehuthachan / _cNarayan Pillai. _hTextual Documents |
||
| 260 |
_aErnamkulam : _bsahitya parishat , _c1957. |
||
| 300 | _a92 ; . | ||
| 365 | _aRs.1 | ||
| 504 | _a | ||
| 999 |
_c11743 _d11743 |
||